[Event "Campeonato de España Universitario 2008"]
[Site "Madrid ESP"]
[Date "2008.05.11"]
[Round "9.9"]
[White "Martinez Martin, Iñigo"]
[Black "Almagro Llamas, Pablo"]
[Result "0-1"]
[WhiteElo "2228"]
[BlackElo "2472"]
[PlyCount "98"]
[EventDate "2008.05.08"]
[EventType "swiss"]
[EventRounds "9"]
[EventCountry "ESP"]
[Source "lmi"]
[SourceDate "2008.05.08"]

1. e4 c6 2. Nc3 d5 3. Qf3 e6 4. Qg3 dxe4 5. Nxe4 Nh6 6. Bd3 Nf5 7. Qh3 Na6 8.
g4 Nd4 9. c3 Nb5 10. Ne2 f5 11. Bxb5 cxb5 12. N4g3 Nc5 13. d4 Nd3+ 14. Kf1 Nxc1
15. Rxc1 Bd6 16. f4 fxg4 17. Qxg4 O-O 18. Rg1 Qc7 19. Nh5 g6 20. Qg5 Kh8 21.
Nf6 Be7 22. Qe5 Bd6 23. Qg5 Qf7 24. Ng4 Bxf4 25. Nxf4 Qxf4+ 26. Qxf4 Rxf4+ 27.
Ke2 Bd7 28. Ne5 Bc6 29. Rcf1 Raf8 30. Rxf4 Rxf4 31. Rf1 Rxf1 32. Kxf1 Kg7 33.
Kf2 Kf6 34. Kg3 Kf5 35. h4 Bd5 36. a3 Ke4 37. Kg4 Ke3 38. Kg5 Kd2 39. Kh6 Be4
40. Nd7 Kc2 41. Nc5 Bf5 42. Nxb7 Kxb2 43. Nd6 Bd3 44. Kg7 Kxa3 45. Kf6 Kb3 46.
Kxe6 a5 47. Nb7 Bf5+ 48. Ke5 a4 49. d5 a3 0-1

[Event "Campeonato de España Universitario 2008"]
[Site "Madrid ESP"]
[Date "2008.05.11"]
[Round "9.10"]
[White "Rabadan Velasco, Raul"]
[Black "Martin Alvarez, Iñigo"]
[Result "0-1"]
[WhiteElo "2309"]
[BlackElo "2214"]
[PlyCount "72"]
[EventDate "2008.05.08"]
[EventType "swiss"]
[EventRounds "9"]
[EventCountry "ESP"]
[Source "lmi"]
[SourceDate "2008.05.08"]

1. d4 d5 2. c4 c6 3. Nf3 Nf6 4. e3 g6 5. Nc3 Bg7 6. Bd3 O-O 7. O-O dxc4 8. Bxc4
Bg4 9. h3 Bxf3 10. Qxf3 Nbd7 11. Rd1 e5 12. dxe5 Nxe5 13. Qe2 Qe7 14. Bb3 Rfd8
15. Rxd8+ Rxd8 16. e4 Nd3 17. Be3 Nxb2 18. Bxa7 b5 19. Bb6 Rb8 20. Bd4 c5 21.
Nd5 Nxd5 22. Bxg7 Kxg7 23. Qxb2+ Qf6 24. e5 Qe6 25. Rd1 Rd8 26. a4 c4 27. Ba2
c3 28. Qxb5 c2 29. Rf1 Nc3 30. Qa5 Ne2+ 31. Kh2 Rd1 32. Bxe6 c1=Q 33. Rxd1 Qxd1
34. h4 Qg1+ 35. Kh3 Qh1+ 36. Kg4 Qxg2# 0-1

[Event "Campeonato de España Universitario 2008"]
[Site "Madrid ESP"]
[Date "2008.05.11"]
[Round "9.11"]
[White "Serrano Bozada, Esteban"]
[Black "Fidalgo Fernandez, Javier"]
[Result "0-1"]
[WhiteElo "2188"]
[BlackElo "2280"]
[PlyCount "88"]
[EventDate "2008.05.08"]
[EventType "swiss"]
[EventRounds "9"]
[EventCountry "ESP"]
[Source "lmi"]
[SourceDate "2008.05.08"]

1. e4 c5 2. b4 cxb4 3. a3 e6 4. axb4 Bxb4 5. c3 Bf8 6. d4 d5 7. e5 Nc6 8. Bd3
Bd7 9. Nf3 h6 10. O-O Nge7 11. Ba3 Nc8 12. Bxf8 Kxf8 13. Qd2 Rb8 14. Na3 a6 15.
Rfb1 g6 16. Qf4 Kg7 17. Nc2 Qe7 18. h4 Be8 19. Ne3 h5 20. g4 Ra8 21. gxh5 Rxh5
22. Ng4 Ra7 23. Nf6 Rh6 24. Ng8 Kxg8 25. Qxh6 Qf8 26. Qf4 b5 27. h5 gxh5 28.
Kh2 N8e7 29. Rg1+ Ng6 30. Nh4 Nce7 31. Qg5 Qg7 32. Rg3 a5 33. Qxh5 Kf8 34.
Nxg6+ fxg6 35. Qf3+ Kg8 36. Qg4 Nf5 37. f4 a4 38. Kg2 Ra8 39. Bxf5 exf5 40. Qg5
Rb8 41. Re3 a3 42. e6 Kf8 43. Qh4 b4 44. cxb4 Qxd4 0-1

[Event "Campeonato de España Universitario 2008"]
[Site "Madrid ESP"]
[Date "2008.05.11"]
[Round "9.12"]
[White "Massanet Massanet, Sebastian"]
[Black "Lopez Rodriguez, Walter"]
[Result "0-1"]
[WhiteElo "2278"]
[BlackElo "2167"]
[PlyCount "98"]
[EventDate "2008.05.08"]
[EventType "swiss"]
[EventRounds "9"]
[EventCountry "ESP"]
[Source "lmi"]
[SourceDate "2008.05.08"]

1. d4 f5 2. e4 fxe4 3. Nc3 Nf6 4. Bg5 Nc6 5. d5 Ne5 6. Qe2 Nf7 7. h4 c6 8.
O-O-O Qa5 9. Bxf6 gxf6 10. Qxe4 Nd6 11. Qg4 c5 12. Nf3 b5 13. Kb1 Kd8 14. Nd2
Bb7 15. Nde4 Nxe4 16. Nxe4 d6 17. Be2 Kc7 18. Qe6 Bc8 19. Qf7 Bd7 20. Nxf6 exf6
21. Bg4 Rd8 22. Rhe1 Qb4 23. Bh3 Qxh4 24. Re8 f5 25. Bxf5 h5 26. f4 Qxf4 27.
Rxd8 Qxf5 28. Qxf5 Bxf5 29. Ra8 Kb7 30. Re8 Bd7 31. Rd8 Kc7 32. Ra8 Kb7 33. Rd8
Kc7 34. Ra8 Bc8 35. Rxa7+ Bb7 36. Ra3 Rg8 37. Rf3 Bh6 38. Rf7+ Kb6 39. Rf6 Be3
40. Rxd6+ Kc7 41. Re6 Bg5 42. d6+ Kd7 43. Re5 h4 44. Rxc5 Bxg2 45. Rc3 Rc8 46.
Rb3 Rc5 47. a4 bxa4 48. Ra3 Be4 49. Ka1 Bxc2 0-1

[Event "Campeonato de España Universitario 2008"]
[Site "Madrid ESP"]
[Date "2008.05.11"]
[Round "9.13"]
[White "Serna Lara, Sergio"]
[Black "Casanellas Ruano, Lluis"]
[Result "1-0"]
[WhiteElo "2248"]
[BlackElo "2146"]
[PlyCount "73"]
[EventDate "2008.05.08"]
[EventType "swiss"]
[EventRounds "9"]
[EventCountry "ESP"]
[Source "lmi"]
[SourceDate "2008.05.08"]

1. d4 Nf6 2. c4 e6 3. Nc3 d5 4. cxd5 exd5 5. Bg5 c6 6. e3 Be7 7. Bd3 Nbd7 8.
Qc2 Nh5 9. Bxe7 Qxe7 10. Nge2 g6 11. g4 Ng7 12. O-O-O Nf6 13. h3 h5 14. g5 Nh7
15. h4 Bf5 16. Ng3 Bxd3 17. Qxd3 O-O-O 18. Kb1 Rhe8 19. Rc1 Kb8 20. Rhe1 Qd7
21. Na4 Qg4 22. Qb3 Ka8 23. Nc5 Rb8 24. Qa4 Nf8 25. Rc3 b5 26. Qa5 Qxh4 27. Na6
Nge6 28. Nxb8 Rxb8 29. Rxc6 Qxg5 30. Rec1 Qd8 31. Qa6 h4 32. Ne2 Qd7 33. Nc3
Nc7 34. Rxc7 Qxc7 35. Nxd5 Qxc1+ 36. Kxc1 Ne6 37. Qc6+ 1-0

[Event "Campeonato de España Universitario 2008"]
[Site "Madrid ESP"]
[Date "2008.05.11"]
[Round "9.14"]
[White "Rivas Vila, David"]
[Black "Ruiz Garcia, Mario"]
[Result "1-0"]
[WhiteElo "2242"]
[BlackElo "2107"]
[PlyCount "85"]
[EventDate "2008.05.08"]
[EventType "swiss"]
[EventRounds "9"]
[EventCountry "ESP"]
[Source "lmi"]
[SourceDate "2008.05.08"]

1. g3 e5 2. c4 Nf6 3. Nc3 Be7 4. Bg2 O-O 5. Nf3 d6 6. O-O Nbd7 7. Rb1 c6 8. d3
a5 9. a3 Nc5 10. b4 axb4 11. axb4 Ne6 12. b5 Nd7 13. bxc6 bxc6 14. Nd2 Ra6 15.
f4 f5 16. Nf3 exf4 17. gxf4 Bf6 18. Qc2 Rb6 19. Be3 Rxb1 20. Rxb1 Ndc5 21. Na4
Qa5 22. Nxc5 Nxc5 23. Nd4 Bxd4 24. Bxd4 Ne6 25. Be3 d5 26. cxd5 cxd5 27. Bb6
Qa8 28. e3 Bb7 29. Qb3 Kh8 30. Rb2 Qa1+ 31. Kf2 Ba8 32. d4 Rb8 33. Ra2 Qc1 34.
Rc2 Qa1 35. Bxd5 Bxd5 36. Qxd5 Qb1 37. Qc6 h6 38. Ba5 Qd1 39. Rd2 Qa1 40. Bc3
Qa3 41. d5 Nc5 42. Qxh6+ Kg8 43. Qxg7# 1-0

[Event "Campeonato de España Universitario 2008"]
[Site "Madrid ESP"]
[Date "2008.05.11"]
[Round "9.15"]
[White "Perez Felipe, Marcos Adrian"]
[Black "Plasencia Martinez, Victor"]
[Result "1-0"]
[WhiteElo "2238"]
[BlackElo "2088"]
[PlyCount "63"]
[EventDate "2008.05.08"]
[EventType "swiss"]
[EventRounds "9"]
[EventCountry "ESP"]
[Source "lmi"]
[SourceDate "2008.05.08"]

1. d4 Nf6 2. c4 g6 3. Nc3 Bg7 4. e4 d6 5. Nf3 O-O 6. Be2 e5 7. O-O Nc6 8. d5
Ne7 9. b4 Nh5 10. Re1 Nf4 11. Bf1 f5 12. Bxf4 exf4 13. e5 dxe5 14. Nxe5 Bxe5
15. Rxe5 g5 16. c5 Ng6 17. Re1 g4 18. Qd4 h5 19. Bc4 Kh7 20. d6 cxd6 21. Rad1
d5 22. Nxd5 Qg5 23. Nc7 Rb8 24. Be6 Nh4 25. Qd6 Nf3+ 26. Kh1 Nxe1 27. Qxf8 f3
28. Qf7+ Kh6 29. Rxe1 Qd2 30. Qf6+ Kh7 31. Bxf5+ Bxf5 32. Re7+ 1-0

[Event "Campeonato de España Universitario 2008"]
[Site "Madrid ESP"]
[Date "2008.05.11"]
[Round "9.16"]
[White "Perez Mauricio, Xoel"]
[Black "Gavilan Diaz, Mario"]
[Result "1-0"]
[WhiteElo "2168"]
[BlackElo "2300"]
[PlyCount "95"]
[EventDate "2008.05.08"]
[EventType "swiss"]
[EventRounds "9"]
[EventCountry "ESP"]
[Source "lmi"]
[SourceDate "2008.05.08"]

1. Nf3 Nf6 2. c4 g6 3. Nc3 Bg7 4. e4 d6 5. d4 O-O 6. h3 c5 7. d5 e6 8. Bd3 exd5
9. exd5 Re8+ 10. Be3 Bh6 11. Qd2 Qe7 12. O-O-O Bxe3 13. fxe3 Qxe3 14. Nb5 Qxd2+
15. Rxd2 Na6 16. Nxd6 Rd8 17. Nb5 Bd7 18. Nc3 Nc7 19. Rf1 Kg7 20. Rdf2 Nh5 21.
Ne5 f6 22. Nxd7 Ng3 23. Nxf6 Nxf1 24. Rxf1 Rf8 25. Nfe4 Rxf1+ 26. Bxf1 b6 27.
Be2 Rd8 28. a3 Ne8 29. b4 cxb4 30. axb4 Nf6 31. Ng5 Rc8 32. Ne6+ Kf7 33. Kd2
Ke7 34. Kd3 a5 35. bxa5 bxa5 36. Kd4 Ra8 37. Bd1 Rb8 38. Nb5 Rb7 39. Ba4 Rb8
40. Nc5 Ne8 41. Nb3 Ra8 42. c5 Nf6 43. d6+ Kf7 44. c6 Nh5 45. Nc5 Nf4 46. Bb3+
Kf6 47. c7 Ne2+ 48. Kc4 1-0

[Event "Campeonato de España Universitario 2008"]
[Site "Madrid ESP"]
[Date "2008.05.11"]
[Round "9.17"]
[White "Lopez Del Alamo, Antonio"]
[Black "Lara Lopez, Jose"]
[Result "1-0"]
[WhiteElo "2299"]
[BlackElo "2178"]
[PlyCount "59"]
[EventDate "2008.05.08"]
[EventType "swiss"]
[EventRounds "9"]
[EventCountry "ESP"]
[Source "lmi"]
[SourceDate "2008.05.08"]

1. e4 e6 2. d3 d5 3. Nd2 Nf6 4. Ngf3 c5 5. g3 Nc6 6. Bg2 Be7 7. O-O O-O 8. e5
Nd7 9. Re1 Qc7 10. Qe2 b5 11. Nf1 b4 12. h4 Ba6 13. Bf4 c4 14. d4 Qb6 15. c3
bxc3 16. bxc3 Qa5 17. Rac1 Bb5 18. N1h2 Ba3 19. Ng5 h6 20. Qh5 hxg5 21. hxg5
Ne7 22. Ng4 Ng6 23. Nf6+ Nxf6 24. gxf6 Bxc1 25. Rxc1 Qa3 26. Bg5 gxf6 27. exf6
Rfe8 28. Bf3 Qd6 29. Kg2 e5 30. Rh1 1-0

[Event "Campeonato de España Universitario 2008"]
[Site "Madrid ESP"]
[Date "2008.05.11"]
[Round "9.18"]
[White "Vallejo Diaz, Jesus"]
[Black "Ibarra Jerez, Juan Miguel"]
[Result "1-0"]
[WhiteElo "2269"]
[BlackElo "2176"]
[PlyCount "123"]
[EventDate "2008.05.08"]
[EventType "swiss"]
[EventRounds "9"]
[EventCountry "ESP"]
[Source "lmi"]
[SourceDate "2008.05.08"]

1. e4 c5 2. Nf3 d6 3. c3 Nf6 4. h3 Nbd7 5. Bd3 g6 6. O-O Bg7 7. Re1 O-O 8. Bf1
Nb8 9. d4 cxd4 10. cxd4 d5 11. e5 Ne8 12. Nc3 Nc6 13. Be3 f6 14. exf6 Bxf6 15.
Rc1 e6 16. Bb5 Ne7 17. Bxe8 Rxe8 18. Nb5 Nc6 19. Bf4 Re7 20. Qd2 Qb6 21. Nc3
Nxd4 22. Nxd4 Qxd4 23. Qxd4 Bxd4 24. Nxd5 Rf7 25. Be3 Bxb2 26. Nc7 Bxc1 27.
Rxc1 Rxc7 28. Rxc7 e5 29. a3 h5 30. Kh2 b6 31. Kg3 Be6 32. Kh4 Bf7 33. Kg5 Rd8
34. Rxa7 b5 35. Kf6 Rc8 36. Kxe5 Kg7 37. Rb7 Re8+ 38. Kf4 g5+ 39. Kf5 Rd8 40.
Rxb5 Rd6 41. Bxg5 Bg6+ 42. Ke5 Ra6 43. Be7 Bf7 44. Bb4 Rg6 45. Kf4 Rxg2 46.
Rg5+ Rxg5 47. Kxg5 Be6 48. h4 Bg4 49. f4 Kf7 50. f5 Bd1 51. Bc3 Bc2 52. Bd4 Bd1
53. f6 Bc2 54. Kxh5 Kg8 55. Kg5 Kf7 56. Bc5 Ke6 57. Be7 Kf7 58. Kf4 Kg6 59. Ke5
Bb3 60. Kd6 Kh5 61. Bd8 Kg6 62. Ke7 1-0

[Event "Campeonato de España Universitario 2008"]
[Site "Madrid ESP"]
[Date "2008.05.11"]
[Round "9.19"]
[White "Alonso Alvarez, Aitor"]
[Black "Cruz Alvarez De Ron, Dan"]
[Result "1/2-1/2"]
[WhiteElo "2190"]
[BlackElo "2269"]
[PlyCount "22"]
[EventDate "2008.05.08"]
[EventType "swiss"]
[EventRounds "9"]
[EventCountry "ESP"]
[Source "lmi"]
[SourceDate "2008.05.08"]

1. e4 g6 2. d4 Bg7 3. Nc3 d6 4. Be3 Nd7 5. Qd2 a6 6. a4 b6 7. f3 Bb7 8. Bd3 c5
9. Nge2 Qc7 10. dxc5 Nxc5 11. O-O Nf6 1/2-1/2

[Event "Campeonato de España Universitario 2008"]
[Site "Madrid ESP"]
[Date "2008.05.11"]
[Round "9.20"]
[White "Eyo Castro-rial, Alberto"]
[Black "Claros Egea, Christian"]
[Result "1-0"]
[WhiteElo "2189"]
[BlackElo "2240"]
[PlyCount "97"]
[EventDate "2008.05.08"]
[EventType "swiss"]
[EventRounds "9"]
[EventCountry "ESP"]
[Source "lmi"]
[SourceDate "2008.05.08"]

1. e4 c5 2. Nc3 d6 3. Nge2 Nc6 4. d4 cxd4 5. Nxd4 Nf6 6. Bg5 e6 7. Qd2 Be7 8.
O-O-O a6 9. f4 h6 10. Bxf6 gxf6 11. Be2 Bd7 12. Kb1 h5 13. Rhf1 Qc7 14. Rf3 Rc8
15. Nb3 h4 16. Nd5 exd5 17. exd5 Na7 18. Re3 Bf5 19. Nd4 Bh7 20. Bg4 Rd8 21.
Rde1 Nc8 22. Bxc8 Rxc8 23. Qe2 O-O 24. Rxe7 Qc5 25. Qg4+ Kh8 26. f5 Qxd5 27.
Qxh4 Qxg2 28. Qxf6+ Qg7 29. Qxg7+ Kxg7 30. Ne6+ Kf6 31. Nxf8 Rxf8 32. Rxb7 Bxf5
33. Rb6 Rd8 34. Rxa6 Be6 35. b3 d5 36. Rb6 Ke7 37. a4 Ra8 38. h4 Rh8 39. Rh1
Bf5 40. h5 Be4 41. Rh2 f5 42. Rh4 Rc8 43. h6 Bxc2+ 44. Kb2 Be4 45. h7 Rh8 46.
Kc3 f4 47. Rxf4 Bxh7 48. Kd4 Be4 49. a5 1-0

[Event "Campeonato de España Universitario 2008"]
[Site "Madrid ESP"]
[Date "2008.05.11"]
[Round "9.21"]
[White "Navarro Ortiz De Ortuño, Borja Ed"]
[Black "Burguete Archel, Eduardo"]
[Result "1-0"]
[WhiteElo "2224"]
[BlackElo "2179"]
[PlyCount "85"]
[EventDate "2008.05.08"]
[EventType "swiss"]
[EventRounds "9"]
[EventCountry "ESP"]
[Source "lmi"]
[SourceDate "2008.05.08"]

1. d4 Nf6 2. Nf3 e6 3. c4 c5 4. Nc3 cxd4 5. Nxd4 Nc6 6. Nxc6 bxc6 7. g3 d5 8.
Bg2 Be7 9. O-O O-O 10. Qa4 Qb6 11. Rb1 Bd7 12. Qc2 Rac8 13. Na4 Qa6 14. c5 e5
15. b4 Bg4 16. Re1 Bh5 17. Nc3 e4 18. Be3 Rfd8 19. Qd2 Bg6 20. Rb2 Rb8 21. a4
Qc4 22. Qd4 Qa6 23. b5 Qc8 24. Reb1 Ng4 25. Bf4 Bf6 26. Qb4 e3 27. Bxb8 exf2+
28. Kh1 Bxb1 29. Rxb1 Qf5 30. Qf4 Qg6 31. Rc1 h5 32. h4 Kh7 33. bxc6 Bxc3 34.
Rxc3 Qb1+ 35. Rc1 Qb2 36. c7 Re8 37. Rf1 Qxe2 38. c8=Q Rxc8 39. Qf5+ g6 40.
Qxc8 Ne3 41. Qe8 Nxf1 42. Qxe2 Nxg3+ 43. Bxg3 1-0

[Event "Campeonato de España Universitario 2008"]
[Site "Madrid ESP"]
[Date "2008.05.11"]
[Round "9.22"]
[White "Encinas Encinas, Alvaro"]
[Black "Mayans Calvo, Mariano"]
[Result "0-1"]
[WhiteElo "2050"]
[BlackElo "2223"]
[PlyCount "54"]
[EventDate "2008.05.08"]
[EventType "swiss"]
[EventRounds "9"]
[EventCountry "ESP"]
[Source "lmi"]
[SourceDate "2008.05.08"]

1. e4 e6 2. Nc3 d5 3. Nf3 c5 4. Bb5+ Bd7 5. Bxd7+ Qxd7 6. O-O dxe4 7. Nxe4 Nc6
8. b4 Nxb4 9. Bb2 f6 10. d4 O-O-O 11. Qe2 cxd4 12. Nxd4 e5 13. Nb5 a6 14. Na3
Nh6 15. Rfd1 Qc6 16. Rxd8+ Kxd8 17. Rd1+ Kc8 18. Nc4 b5 19. Qd2 Bc5 20. Ncd6+
Kb8 21. Ba3 Bxd6 22. Nxd6 Nxa2 23. c3 Nxc3 24. Rc1 b4 25. Qb2 a5 26. Kf1 Qxd6
27. Qxc3 Qa6+ 0-1

[Event "Campeonato de España Universitario 2008"]
[Site "Madrid ESP"]
[Date "2008.05.11"]
[Round "9.23"]
[White "Muñoz Navarro, Alberto"]
[Black "Martinez Lozano, Miguel Angel"]
[Result "1-0"]
[WhiteElo "2178"]
[BlackElo "2209"]
[PlyCount "92"]
[EventDate "2008.05.08"]
[EventType "swiss"]
[EventRounds "9"]
[EventCountry "ESP"]
[Source "lmi"]
[SourceDate "2008.05.08"]

1. e4 c5 2. Nf3 d6 3. d4 cxd4 4. Nxd4 Nf6 5. Nc3 a6 6. Be3 e5 7. Nb3 Be6 8. f3
Be7 9. Nd5 Nxd5 10. exd5 Bf5 11. Qd2 O-O 12. Be2 Nd7 13. c4 a5 14. a4 Bh4+ 15.
g3 Be7 16. O-O b6 17. Bd3 Bh3 18. Rf2 Nc5 19. Nxc5 bxc5 20. Bc2 f5 21. Ra3 Rb8
22. Rb3 Rxb3 23. Bxb3 Bf6 24. Bc2 Re8 25. Re2 g6 26. Bf2 Bg5 27. Qc3 Bh6 28.
Be1 e4 29. Qxa5 Qxa5 30. Bxa5 Ra8 31. Bc3 exf3 32. Re1 f4 33. Kf2 fxg3+ 34.
hxg3 Bg4 35. a5 Bg5 36. Ba4 h5 37. Re8+ Rxe8 38. Bxe8 h4 39. a6 hxg3+ 40. Kxg3
Bh4+ 41. Kxh4 f2 42. a7 f1=Q 43. a8=Q Qh3+ 44. Kg5 Qh5+ 45. Kf6 Qh4+ 46. Kxg6
Bh5+ 1-0

[Event "Campeonato de España Universitario 2008"]
[Site "Madrid ESP"]
[Date "2008.05.11"]
[Round "9.24"]
[White "Krug Cortegoso, Rodolfo Martin"]
[Black "Jimenez Martinez, Jose Vicente"]
[Result "0-1"]
[WhiteElo "2154"]
[BlackElo "2202"]
[PlyCount "144"]
[EventDate "2008.05.08"]
[EventType "swiss"]
[EventRounds "9"]
[EventCountry "ESP"]
[Source "lmi"]
[SourceDate "2008.05.08"]

1. c4 g6 2. d4 Bg7 3. Nc3 d6 4. e4 Nf6 5. f3 O-O 6. Bg5 h6 7. Be3 e5 8. d5 Nh7
9. Qd2 f5 10. Bd3 Nd7 11. O-O-O h5 12. Nge2 b6 13. Kb1 Nc5 14. Nc1 a5 15. b3
Bd7 16. Bc2 Nf6 17. Bg5 Qe8 18. Rde1 Nh7 19. Be3 Na6 20. a4 Nb4 21. Nd3 Nxc2
22. Qxc2 Nf6 23. Nf2 f4 24. Bc1 Kh7 25. Nb5 Qd8 26. Nd1 Bxb5 27. cxb5 Nd7 28.
Nb2 Nc5 29. Nc4 Bf6 30. Ba3 Nb7 31. Rc1 Be7 32. Qf2 Rf7 33. Rc2 g5 34. h3 Bf8
35. Rhc1 Rg7 36. Rc3 Kg6 37. Qc2 Kf6 38. Nb2 Nc5 39. Bxc5 dxc5 40. Nc4 Bd6 41.
Rd3 Qe7 42. Qf2 Kf7 43. Qe2 Rag8 44. Rh1 Qf6 45. Qe1 g4 46. hxg4 hxg4 47. Qh4
gxf3 48. Qxf6+ Kxf6 49. gxf3 Rg1+ 50. Rd1 R1g3 51. Rdf1 Rg2 52. Rh6+ R8g6 53.
Rh5 R6g5 54. Rfh1 Rg1+ 55. Kc2 Rxh1 56. Rxh1 Kg7 57. Kd3 Bf8 58. Rh4 Be7 59.
Rh2 Bd6 60. Ke2 Rg3 61. Rh5 Kg6 62. Rh8 Kg7 63. Rh4 Rg5 64. Nd2 Be7 65. Rh1 Bd6
66. Nf1 c4 67. bxc4 Be7 68. Kf2 Bc5+ 69. Ke2 Rg2+ 70. Kd3 Rf2 71. Nd2 Bb4 72.
Nb3 Rxf3+ 0-1

[Event "Campeonato de España Universitario 2008"]
[Site "Madrid ESP"]
[Date "2008.05.11"]
[Round "9.25"]
[White "Garcia Mendoza, Francisco"]
[Black "Cuenca Jimenez, Francisco Javier"]
[Result "1-0"]
[WhiteElo "2195"]
[BlackElo "2130"]
[PlyCount "169"]
[EventDate "2008.05.08"]
[EventType "swiss"]
[EventRounds "9"]
[EventCountry "ESP"]
[Source "lmi"]
[SourceDate "2008.05.08"]

1. e4 d5 2. exd5 Nf6 3. d4 Bg4 4. f3 Bf5 5. Nc3 Nxd5 6. Bc4 e6 7. Nge2 Be7 8.
O-O O-O 9. Ng3 Bg6 10. f4 c6 11. f5 exf5 12. Nxf5 Bg5 13. Bxd5 cxd5 14. Bxg5
Qxg5 15. Nxd5 Nc6 16. h4 Qd8 17. Nde3 Bxf5 18. Nxf5 g6 19. d5 Qb6+ 20. Kh1 Rad8
21. Nh6+ Kg7 22. Nxf7 Rxf7 23. Rxf7+ Kxf7 24. Qf3+ Kg7 25. dxc6 Qxc6 26. Rf1
Qxf3 27. Rxf3 Rd4 28. g3 Rd2 29. Rd3 Rxc2 30. Rd7+ Kf6 31. Rxb7 h5 32. Rxa7
Rxb2 33. Ra5 Rc2 34. Kg1 Rb2 35. Kf1 Rc2 36. Ra8 Kf5 37. Rf8+ Kg4 38. Rf2 Rc3
39. Rg2 Kf3 40. Kg1 Rc1+ 41. Kh2 Rd1 42. Rb2 Rc1 43. Rb3+ Kg4 44. Rb4+ Kf5 45.
Rf4+ Ke5 46. a4 Rc2+ 47. Kh3 Ra2 48. Rb4 Kf6 49. Rb6+ Kg7 50. Rb4 Kf6 51. Rc4
Ke6 52. g4 Ra3+ 53. Kg2 Ra2+ 54. Kg3 Ra3+ 55. Kf4 hxg4 56. Kxg4 Kf6 57. Re4 Ra1
58. Rf4+ Kg7 59. Kg5 Rg1+ 60. Rg4 Rc1 61. Rb4 Rg1+ 62. Kf4 Kf6 63. Rb6+ Kf7 64.
a5 Rf1+ 65. Kg3 Ra1 66. a6 Ra4 67. Rb7+ Kf6 68. a7 Ra3+ 69. Kf4 Ra4+ 70. Ke3
Kf5 71. Kd3 Kg4 72. Rb4+ Rxb4 73. a8=Q Rb3+ 74. Ke4 Rh3 75. Qe8 Kh5 76. Qh8+
Kg4 77. Qh6 Rg3 78. Qxg6+ Kxh4 79. Qh6+ Kg4 80. Qh2 Ra3 81. Qf4+ Kh3 82. Qf1+
Kg4 83. Qd1+ Kh3 84. Kf4 Kg2 85. Qd2+ 1-0

[Event "Campeonato de España Universitario 2008"]
[Site "Madrid ESP"]
[Date "2008.05.11"]
[Round "9.26"]
[White "Garrido Dominguez, Jesus"]
[Black "Amate Tortosa, Bernardo"]
[Result "1-0"]
[WhiteElo "2324"]
[BlackElo "2116"]
[PlyCount "53"]
[EventDate "2008.05.08"]
[EventType "swiss"]
[EventRounds "9"]
[EventCountry "ESP"]
[Source "lmi"]
[SourceDate "2008.05.08"]

1. d4 d5 2. c4 e6 3. Nf3 Nf6 4. Nc3 c6 5. e3 Nbd7 6. Be2 Bd6 7. Qc2 O-O 8. O-O
Re8 9. h3 a6 10. Rd1 b5 11. e4 Nxe4 12. Nxe4 dxe4 13. Qxe4 Bb7 14. b3 Nf6 15.
Qh4 h6 16. Bd3 Rc8 17. c5 Bf8 18. Ne5 Nd7 19. Qe4 Nf6 20. Qf3 g6 21. a4 Bg7 22.
axb5 Qxd4 23. Bf4 Nd5 24. Ra4 Qxc5 25. bxa6 Nxf4 26. axb7 Rcd8 27. Rxf4 1-0

[Event "Campeonato de España Universitario 2008"]
[Site "Madrid ESP"]
[Date "2008.05.11"]
[Round "9.27"]
[White "Bermejo Martinez, Jorge"]
[Black "Acuña Celada, Ivan"]
[Result "1-0"]
[WhiteElo "2267"]
[BlackElo "2114"]
[PlyCount "87"]
[EventDate "2008.05.08"]
[EventType "swiss"]
[EventRounds "9"]
[EventCountry "ESP"]
[Source "lmi"]
[SourceDate "2008.05.08"]

1. Nf3 Nf6 2. c4 g6 3. d4 Bg7 4. Nc3 O-O 5. e4 d6 6. Be2 e5 7. d5 a5 8. Nd2 Na6
9. h4 h5 10. Nf3 Nc5 11. Ng5 Bd7 12. Be3 Qe7 13. b3 Ng4 14. Bxg4 Bxg4 15. f3
Bd7 16. Qd2 f5 17. O-O-O Ra6 18. Nh3 Rb6 19. Qf2 a4 20. Bxc5 dxc5 21. d6 Rxd6
22. Nd5 Rxd5 23. Rxd5 fxe4 24. Qxc5 Qxc5 25. Rxc5 exf3 26. gxf3 axb3 27. axb3
Rxf3 28. Ng5 Rxb3 29. Rxc7 Bf5 30. Rd1 Rb1+ 31. Kd2 Rxd1+ 32. Kxd1 Bf6 33. Rxb7
Bxg5 34. hxg5 h4 35. Ke2 h3 36. Kf2 Kf8 37. Rb5 e4 38. Re5 Kf7 39. c5 Bd7 40.
Kg3 Bc8 41. c6 Kf8 42. Rxe4 Bf5 43. Rc4 Bc8 44. c7 1-0

[Event "Campeonato de España Universitario 2008"]
[Site "Madrid ESP"]
[Date "2008.05.11"]
[Round "9.28"]
[White "Deruelle Sala, Albert"]
[Black "Perez Campos, Adria"]
[Result "0-1"]
[WhiteElo "2103"]
[BlackElo "2229"]
[PlyCount "112"]
[EventDate "2008.05.08"]
[EventType "swiss"]
[EventRounds "9"]
[EventCountry "ESP"]
[Source "lmi"]
[SourceDate "2008.05.08"]

1. e4 c6 2. d4 d5 3. e5 Bf5 4. Nf3 e6 5. Be2 c5 6. c3 Nc6 7. O-O c4 8. b3 b5 9.
bxc4 bxc4 10. Qa4 Qd7 11. Bd1 Be7 12. Ba3 Rb8 13. Bxe7 Ngxe7 14. Na3 Rb2 15.
Nb5 O-O 16. Nd6 Bd3 17. Re1 h6 18. Rc1 Rfb8 19. Qa3 Qc7 20. Bb3 Re2 21. Rxe2
Bxe2 22. Bc2 Qb6 23. Re1 Bxf3 24. gxf3 Qb2 25. Qxb2 Rxb2 26. Bb1 a6 27. h4 h5
28. Kg2 Na7 29. Kg3 Nb5 30. Nxb5 axb5 31. Rc1 Nc6 32. Rd1 b4 33. cxb4 c3 34. b5
Nxd4 35. a4 c2 36. Bxc2 Nxc2 37. Rd2 d4 38. b6 d3 39. a5 Kh7 40. Rxd3 Nb4 41.
Rd7 Kg6 42. Ra7 Nc6 43. Ra8 Rb5 44. f4 Nxa5 45. Ra7 Nc6 46. Rb7 Nb4 47. Rb8 Nd5
48. b7 Kf5 49. Rh8 Rxb7 50. Rxh5+ Ke4 51. f3+ Ke3 52. f5 Nf4 53. Rg5 Rb2 54. h5
exf5 55. Rxf5 Rg2+ 56. Kh4 Kxf3 0-1

[Event "Campeonato de España Universitario 2008"]
[Site "Madrid ESP"]
[Date "2008.05.11"]
[Round "9.30"]
[White "Aymerich Rosell, Pablo"]
[Black "Cortes Mamblona, Josep Manel"]
[Result "1/2-1/2"]
[WhiteElo "2210"]
[BlackElo "2054"]
[PlyCount "25"]
[EventDate "2008.05.08"]
[EventType "swiss"]
[EventRounds "9"]
[EventCountry "ESP"]
[Source "lmi"]
[SourceDate "2008.05.08"]

1. d4 Nf6 2. c4 c5 3. d5 b5 4. cxb5 a6 5. bxa6 Bxa6 6. g3 d6 7. Bg2 g6 8. b3
Bg7 9. Bb2 O-O 10. Nh3 Nbd7 11. O-O Qb6 12. Qd2 Rfc8 13. Nc3 1/2-1/2